[Event "No you can`t have an open game."]
[Site "SchemingMind.com"]
[Date "2013.11.04"]
[Round "-"]
[White "maro"]
[Black "szn1"]
[Result "0-1"]
[WhiteCountry "MEX"]
[BlackCountry "NED"]
[WhiteElo "1442"]
[WhiteRD "56"]
[BlackElo "1814"]
[BlackRD "108"]
[GameID "341289"]

1. e4 c5 2. c3 d5 3. exd5 Qxd5 4. d4 Nf6 5. Nf3 e6 6. Bf4 Nc6 7. Be2 cxd4 8. cxd4 Bb4+ 9. Bd2 Bxd2+ 10. Qxd2 Ne4
11. Qd3 O-O 12. O-O Nb4 13. Qd1 Rd8 14. Nc3 Nxc3 15. bxc3 Nc6 16. Qc2 b5 17. Rab1 a6 18. a4 Rb8 19. h4 h6 20. c4 bxc4
21. Bxc4 Qd6 22. Rfd1 Rxb1 23. Rxb1 Nxd4 24. Nxd4 Qxd4 25. Rb4 Qd1+ 26. Qxd1 Rxd1+ 27. Kh2 Rd4 28. a5 Rxh4+ 29. Kg3 g5 30. f3 Kg7
31. Kf2 Rd4 32. Ke3 e5 33. g3 Be6 34. Bxe6 Rxb4
0-1

[Event "No you can`t have an open game."]
[Site "SchemingMind.com"]
[Date "2013.11.04"]
[Round "-"]
[White "szn1"]
[Black "maro"]
[Result "1-0"]
[WhiteCountry "NED"]
[BlackCountry "MEX"]
[WhiteElo "1796"]
[WhiteRD "108"]
[BlackElo "1423"]
[BlackRD "60"]
[GameID "341291"]

1. e4 c5 2. c3 d5 3. exd5 Qxd5 4. d4 e6 5. Na3 c4 6. Nxc4 Bd6 7. Nxd6+ Qxd6 8. Qg4 Nf6 9. Qxg7 Rf8 10. Qxf6 Nd7
11. Bb5 a6 12. Bxd7+ Bxd7 13. Bf4 Qc6 14. Bg5 Qd6 15. O-O-O Rc8 16. Nf3
1-0

[Event "No you can`t have an open game."]
[Site "SchemingMind.com"]
[Date "2013.11.05"]
[Round "-"]
[White "kenneth m day"]
[Black "Iucounu"]
[Result "1-0"]
[WhiteCountry "USA"]
[BlackCountry "ENG"]
[WhiteElo "1764"]
[WhiteRD "48"]
[BlackElo "1289"]
[BlackRD "49"]
[GameID "341349"]

1. e4 c5 2. c3 Nf6 3. e5 Nd5 4. d4 cxd4 5. Nf3 Nc6 6. cxd4 d6 7. Bc4 Nb6 8. Bb3 dxe5 9. d5 Na5 10. Nxe5 Nxb3
11. Qxb3 Qxd5 12. Qxd5 Nxd5 13. O-O f6 14. Nc4 Bd7 15. Rd1 e6 16. Bd2 Bb5 17. Ne3 Rd8 18. Nc3 Nxc3 19. Bxc3 Be7 20. Rac1 O-O
21. h3 Rxd1+ 22. Rxd1
1-0

[Event "No you can`t have an open game."]
[Site "SchemingMind.com"]
[Date "2013.11.04"]
[Round "-"]
[White "Iucounu"]
[Black "kenneth m day"]
[Result "0-1"]
[WhiteCountry "ENG"]
[BlackCountry "USA"]
[WhiteElo "1289"]
[WhiteRD "49"]
[BlackElo "1764"]
[BlackRD "48"]
[GameID "341355"]

1. e4 c5 2. c3 d5 3. exd5 Qxd5 4. d4 Nf6 5. Nf3 Bg4 6. Be2 e6 7. h3 Bh5 8. O-O Nc6 9. Be3 Be7 10. dxc5 Rd8
11. c4 Qxd1 12. Rxd1 O-O 13. Nc3 Bg6 14. a3 h6 15. b4 a6 16. Rxd8 Bxd8 17. Rd1 Bc7 18. Nd4 Rd8
0-1

[Event "No you can`t have an open game."]
[Site "SchemingMind.com"]
[Date "2013.11.11"]
[Round "-"]
[White "Olli Ylönen"]
[Black "Timaeus"]
[Result "1-0"]
[WhiteCountry "FIN"]
[BlackCountry "JPN"]
[WhiteElo "1835"]
[WhiteRD "63"]
[BlackElo "1443"]
[BlackRD "74"]
[GameID "341652"]

1. e4 c5 2. c3 e5 3. Nf3 d6 4. d4 cxd4 5. cxd4 Bg4 6. Bb5+ Bd7 7. Nc3 Bxb5 8. Nxb5 a6 9. Qa4 Nf6 10. Nxd6+ Ke7
11. Nf5+
1-0

[Event "No you can`t have an open game."]
[Site "SchemingMind.com"]
[Date "2013.11.12"]
[Round "-"]
[White "Timaeus"]
[Black "Olli Ylönen"]
[Result "0-1"]
[WhiteCountry "JPN"]
[BlackCountry "FIN"]
[WhiteElo "1485"]
[WhiteRD "73"]
[BlackElo "1799"]
[BlackRD "63"]
[GameID "341654"]

1. e4 c5 2. c3 d5 3. d3 Nc6 4. Be3 d4 5. Bd2 e5 6. c4 Nf6 7. Be2 g6 8. Nf3 Bg7 9. O-O O-O 10. Bg5 h6
11. Bxf6 Qxf6 12. h3 g5 13. Nh2 Ne7 14. Bg4 Ng6 15. g3 Kh7 16. Nd2 Bxg4 17. Nxg4 Qb6 18. b3 h5 19. Nh2 Kh6 20. Qe2 h4
21. Ng4+ Kh7 22. Nf3 f6 23. Kg2 hxg3 24. fxg3 Qc6 25. Rh1 b5 26. Rac1 bxc4 27. Rxc4 a5 28. a4 Rab8 29. Qd1 Rb4 30. Rxb4 cxb4
31. Qc1 Qc3 32. Qxc3 dxc3 33. d4 exd4 34. Nxd4 Rd8 35. Nc2 Rd2+
0-1

[Event "No you can`t have an open game."]
[Site "SchemingMind.com"]
[Date "2013.11.16"]
[Round "-"]
[White "mochiron"]
[Black "cnile"]
[Result "0-1"]
[WhiteCountry "JPN"]
[BlackCountry "SCO"]
[WhiteElo "1377"]
[WhiteRD "76"]
[BlackElo "1472"]
[BlackRD "62"]
[GameID "341717"]

1. e4 c5 2. c3 Nf6 3. d3 Nc6 4. Nf3 d6 5. Be2 g6 6. O-O Bg7 7. Be3 O-O 8. Nbd2 b5 9. h3 a5 10. c4 b4
11. b3 e5 12. Nh2 Re8 13. Ng4 Nxg4 14. Bxg4 f5 15. exf5 Bxf5 16. Bxf5 gxf5 17. f4 e4 18. Rc1 exd3 19. Bf2 Nd4 20. Bxd4 Bxd4+
21. Kh1 Qh4 22. Nf3 Qf6 23. Ng5 Re3 24. Qh5 Qg6 25. Qxg6+ hxg6 26. Kh2 Rae8 27. Rf3 Rxf3 28. gxf3 Be3 29. Re1 Bxf4+ 30. Kg2 Rxe1
31. h4 d2
0-1

[Event "No you can`t have an open game."]
[Site "SchemingMind.com"]
[Date "2013.11.16"]
[Round "-"]
[White "cnile"]
[Black "mochiron"]
[Result "1-0"]
[WhiteCountry "SCO"]
[BlackCountry "JPN"]
[WhiteElo "1482"]
[WhiteRD "62"]
[BlackElo "1371"]
[BlackRD "76"]
[GameID "341724"]

1. e4 c5 2. c3 Nc6 3. Nf3 d6 4. d3 e5 5. g3 Bg4 6. Bg2 Bxf3 7. Qxf3 Be7 8. Be3 Nf6 9. O-O h5 10. Qe2 h4
11. Nd2 hxg3 12. fxg3 d5 13. exd5 Na5 14. c4 Bd6 15. Ne4 Nxe4 16. Bxe4 b6 17. Qg4 Nb7 18. Qxg7 Rf8 19. Bh6 Qd7 20. Bf5 Qc7
21. Rae1 f6 22. Qg6+ Qf7 23. Qxf7+ Rxf7 24. Bg6 Nd8 25. Rxf6 Kd7 26. Rxf7+ Nxf7 27. Bxf7 Ke7 28. Be6 Rh8 29. Bg5+ Ke8 30. Rf1 Rh5
31. Bf7+ Kd7 32. Bxh5 Kc7 33. Rf7+ Kb8 34. Bg4 Bc7 35. Rxc7 Kxc7 36. h4 a6 37. h5 b5 38. h6 bxc4 39. dxc4 e4 40. h7 Kd6
41. h8=Q
1-0

[Event "No you can`t have an open game."]
[Site "SchemingMind.com"]
[Date "2013.11.17"]
[Round "-"]
[White "cnbcad"]
[Black "Uzi Mike"]
[Result "0-1"]
[WhiteCountry "USA"]
[BlackCountry "USA"]
[WhiteElo "1584"]
[WhiteRD "65"]
[BlackElo "2369"]
[BlackRD "97"]
[GameID "341918"]

1. e4 c5 2. c3 d5 3. exd5 Qxd5 4. Nf3 Nf6 5. Be2 e5 6. O-O Nc6 7. c4 Qd6 8. Nc3 Be7 9. b3 e4 10. Ng5 Qe5
11. d4 Nxd4 12. Nh3 Bxh3 13. gxh3 Bd6 14. f4 exf3 15. Bd3 Qxh2#
0-1

[Event "No you can`t have an open game."]
[Site "SchemingMind.com"]
[Date "2013.11.17"]
[Round "-"]
[White "Uzi Mike"]
[Black "cnbcad"]
[Result "1-0"]
[WhiteCountry "USA"]
[BlackCountry "USA"]
[WhiteElo "2369"]
[WhiteRD "97"]
[BlackElo "1584"]
[BlackRD "65"]
[GameID "341923"]

1. e4 c5 2. c3 Nc6 3. d4 cxd4 4. cxd4 d5 5. exd5 Qxd5 6. Nf3 Bg4 7. Nc3 Qe6+ 8. Be3 Bxf3 9. Qxf3 Nxd4 10. Qxb7 Rd8
11. O-O-O Nc6 12. Rxd8+ Nxd8 13. Bb5+
1-0

[Event "No you can`t have an open game."]
[Site "SchemingMind.com"]
[Date "2013.11.26"]
[Round "-"]
[White "MARISCAL"]
[Black "smothered mate"]
[Result "1-0"]
[WhiteCountry "ESP"]
[BlackCountry "POL"]
[WhiteElo "2369"]
[WhiteRD "140"]
[BlackElo "1923"]
[BlackRD "72"]
[GameID "342375"]

1. e4 c5 2. c3 Nf6 3. e5 Nd5 4. d4 cxd4 5. Nf3 Nc6 6. Bc4 Nb6 7. Bb3 d5 8. exd6 e6 9. cxd4 Bxd6 10. O-O O-O
11. Nc3 a6 12. a3 Ne7 13. Qd3 Ng6 14. Bg5 f6 15. Bd2 Nf4 16. Bxf4 Bxf4 17. Qf5 Qc7 18. Rfe1 Kh8 19. Bxe6 Bxe6 20. Rxe6 Rad8
21. g3 Bd6 22. Rae1 Nc4 23. Ne4 g6 24. Qh3 Qd7 25. b3 Rde8 26. Nxf6
1-0

[Event "No you can`t have an open game."]
[Site "SchemingMind.com"]
[Date "2013.11.26"]
[Round "-"]
[White "smothered mate"]
[Black "MARISCAL"]
[Result "0-1"]
[WhiteCountry "POL"]
[BlackCountry "ESP"]
[WhiteElo "1923"]
[WhiteRD "72"]
[BlackElo "2369"]
[BlackRD "140"]
[GameID "342381"]

1. e4 c5 2. c3 Nf6 3. e5 Nd5 4. g3 d6 5. exd6 e6 6. Bg2 Bxd6 7. Ne2 Nc6 8. O-O O-O 9. d3 Be7 10. a4 e5
11. Na3 Bg4 12. h3 Be6 13. Nc4 Qd7 14. Kh2 Rad8 15. Qc2 f6 16. Rd1 Nc7 17. Be3 Bd5 18. f4 Bxg2 19. Kxg2 Nd5 20. Bg1 exf4
21. Nxf4 Ne5 22. Nxe5 Nxf4+ 23. gxf4 fxe5 24. fxe5 Qd5+ 25. Kh2 Qxe5+ 26. Kh1 Rf3 27. Qg2 Qh5 28. Bh2 Rxh3 29. Rg1 g6 30. Qg4 Rxh2#
0-1

[Event "No you can`t have an open game."]
[Site "SchemingMind.com"]
[Date "2013.11.27"]
[Round "-"]
[White "lrogue"]
[Black "kubinet"]
[Result "1-0"]
[WhiteCountry "ENG"]
[BlackCountry "GER"]
[WhiteElo "1813"]
[WhiteRD "141"]
[BlackElo "1636"]
[BlackRD "59"]
[GameID "342513"]

1. e4 c5 2. c3 d5 3. exd5 Qxd5 4. Nf3 Bg4 5. Qa4+ Nc6 6. Qxg4 Nf6 7. Qa4 e6 8. Bb5 Be7 9. Bxc6+ bxc6 10. O-O O-O
11. d4 cxd4 12. Qxd4 Bc5 13. Qxd5 cxd5 14. Nbd2 Rab8 15. b4 Be7 16. Bb2 Rfc8 17. Ne5 Bd6 18. Nd3 Ng4 19. h3 Nf6 20. a3 Nd7
21. Rac1 h6 22. c4 dxc4 23. Rxc4 Rxc4 24. Nxc4 Be7 25. Na5 Bf6 26. Bxf6 Nxf6 27. Nc5 Nd5 28. Rb1 Kf8 29. Nd7+
1-0

[Event "No you can`t have an open game."]
[Site "SchemingMind.com"]
[Date "2013.11.26"]
[Round "-"]
[White "kubinet"]
[Black "lrogue"]
[Result "0-1"]
[WhiteCountry "GER"]
[BlackCountry "ENG"]
[WhiteElo "1188"]
[WhiteRD "45"]
[BlackElo "1707"]
[BlackRD "126"]
[GameID "342518"]

1. e4 c5 2. c3 d6 3. Nf3 Nf6 4. d3 Nc6 5. Be2 g6 6. O-O Bg7 7. h3 O-O 8. Be3 Qc7 9. Na3 a6 10. Nc2 e6
11. Qd2 b6 12. Nh2 d5 13. exd5 Nxd5 14. Bh6 Bb7 15. Bxg7 Kxg7 16. Ng4 f5 17. Qh6+ Kg8 18. Qg5 fxg4 19. Bxg4 Qf7 20. Rae1 Bc8
21. Bf3 Bd7 22. Ne3 Nxe3 23. fxe3 Qf6 24. Qg3 Qd8 25. h4 Rc8 26. h5 Kg7 27. hxg6 hxg6 28. Be4 Ne7 29. Rxf8 Qxf8 30. Rf1 Nf5
31. Qg5 Qd8 32. Qf4 Qh4 33. Qe5+ Kh7 34. Bxf5 exf5 35. Rf3 Re8 36. Qd6 Qd8 37. Rh3+ Kg7 38. Qf4 Qf6 39. Qh6+ Kf7 40. Qh7+ Qg7
41. Qh4 Be6 42. a3 g5 43. Qh5+ Ke7
0-1

[Event "No you can`t have an open game."]
[Site "SchemingMind.com"]
[Date "2013.11.30"]
[Round "-"]
[White "clario"]
[Black "Kenny Elliott"]
[Result "1-0"]
[WhiteCountry "RSA"]
[BlackCountry "USA"]
[WhiteElo "1993"]
[WhiteRD "89"]
[BlackElo "1356"]
[BlackRD "104"]
[GameID "342578"]

1. e4 c5 2. c3 Nf6 3. e5 Nd5 4. Nf3 e6 5. d4 Nc6 6. c4 Ndb4 7. dxc5 Bxc5 8. a3 Na6 9. b4 Naxb4 10. axb4 Bxb4+
11. Bd2 Bc5 12. Nc3 O-O 13. Ne4 Bd4 14. Nxd4 Nxd4 15. Bb4 Nc6 16. Bxf8 Kxf8 17. c5 Nxe5 18. Qd6+ Kg8 19. Qxe5 a5 20. Nd6 Ra6
21. Bxa6
1-0

[Event "No you can`t have an open game."]
[Site "SchemingMind.com"]
[Date "2013.11.30"]
[Round "-"]
[White "Kenny Elliott"]
[Black "clario"]
[Result "0-1"]
[WhiteCountry "USA"]
[BlackCountry "RSA"]
[WhiteElo "1356"]
[WhiteRD "104"]
[BlackElo "1993"]
[BlackRD "89"]
[GameID "342586"]

1. e4 c5 2. c3 e6 3. Nf3 Nf6 4. e5 Nd5 5. Bc4 Be7 6. Bxd5 exd5 7. d4 d6 8. Qe2 O-O 9. h3 b6 10. Bf4 Ba6
11. Qe3 cxd4 12. cxd4 dxe5 13. Nxe5 Re8 14. Nc3 f6 15. Nd3 Bd6 16. Be5 fxe5 17. dxe5 d4 18. Qe4 dxc3 19. O-O Bxd3 20. Qxd3 cxb2
21. Rad1 Rxe5 22. Qb3+ Kh8 23. Qxb2 Nc6 24. Qd2 Bc5 25. Qc2 Qh4 26. Rd2 Rf8 27. Kh1 Re3 28. Qd1 Rxh3+
0-1

[Event "No you can`t have an open game."]
[Site "SchemingMind.com"]
[Date "2014.01.30"]
[Round "-"]
[White "Uzi Mike"]
[Black "szn1"]
[Result "0-1"]
[WhiteCountry "USA"]
[BlackCountry "NED"]
[WhiteElo "2154"]
[WhiteRD "82"]
[BlackElo "1918"]
[BlackRD "97"]
[GameID "346432"]

1. e4 c5 2. c3 Nf6 3. e5 Nd5 4. Nf3 e6 5. d4 cxd4 6. cxd4 d6 7. Bc4 Nc6 8. O-O Be7 9. Qe2 O-O 10. Nc3 dxe5
0-1

[Event "No you can`t have an open game."]
[Site "SchemingMind.com"]
[Date "2014.02.17"]
[Round "-"]
[White "MARISCAL"]
[Black "clario"]
[Result "1-0"]
[WhiteCountry "ESP"]
[BlackCountry "RSA"]
[WhiteElo "2334"]
[WhiteRD "133"]
[BlackElo "2097"]
[BlackRD "87"]
[GameID "347798"]

1. e4 c5 2. c3 e6 3. d4 d5 4. e5 Ne7 5. Nf3 cxd4 6. cxd4 Nf5 7. Bd3 Nc6 8. Bxf5 exf5 9. Nc3 Be6 10. h4 h6
11. Qb3 a6 12. O-O Be7 13. h5 Na5 14. Qd1 O-O 15. Qd3 Qb6 16. Rd1 Rfc8 17. Ne1 Rc6 18. b3 Rc7 19. Qg3 Nc6 20. Bxh6 Bf8
21. Bxg7 Nxd4 22. Bxf8+ Kxf8 23. Kh2 Qa5 24. Rac1 Rac8 25. Rxd4 Rxc3 26. Rxc3 Qxc3 27. Nf3 Qc1 28. Ng5 Qa1 29. Qe3 Qc1 30. Rd2 Qc5
31. Qf4 Ke7 32. Nh7 Rh8 33. Nf6 Kd8 34. Rd1 Qe7 35. Rc1 Bd7 36. h6 Bc6 37. h7 d4 38. Qxd4+ Kc8 39. Rc3 Qd8 40. Qxd8+ Kxd8
41. Rg3 Ke7 42. Rg8
1-0

[Event "No you can`t have an open game."]
[Site "SchemingMind.com"]
[Date "2014.02.16"]
[Round "-"]
[White "clario"]
[Black "MARISCAL"]
[Result "1/2-1/2"]
[WhiteCountry "RSA"]
[BlackCountry "ESP"]
[WhiteElo "2097"]
[WhiteRD "87"]
[BlackElo "2334"]
[BlackRD "133"]
[GameID "347800"]

1. e4 c5 2. c3 Nf6 3. e5 Nd5 4. d4 cxd4 5. Nf3 b6 6. Bc4 Bb7 7. O-O e6 8. Nxd4 Ne7 9. Nd2 Ng6 10. f4 Nc6
11. Nb5 a6 12. Nd6+ Bxd6 13. exd6 b5 14. Bd3 Qb6+ 15. Kh1 O-O 16. Nf3 f5 17. a4 Na5 18. b4 Nc4 19. Bxc4 bxc4 20. Qd4 Qxd4
21. Nxd4 Be4 22. Nf3 Rfe8 23. Ne5 Nxe5 24. fxe5 h6 25. Kg1 g5 26. g3 Kg7 27. Kf2 Bd3 28. Rd1 Kg6 29. Ke3 Rf8 30. Kd4 Kh5
31. Ra2 Kg4 32. Rf2 Kh3 33. Rdd2 Ra7 34. Rb2 Rb8 35. Be3 Rab7 36. Ra2 Ra8=
1/2-1/2

[Event "No you can`t have an open game."]
[Site "SchemingMind.com"]
[Date "2014.02.26"]
[Round "-"]
[White "Olli Ylönen"]
[Black "cnile"]
[Result "1-0"]
[WhiteCountry "FIN"]
[BlackCountry "SCO"]
[WhiteElo "1839"]
[WhiteRD "68"]
[BlackElo "1525"]
[BlackRD "68"]
[GameID "348370"]

1. e4 c5 2. c3 Nf6 3. e5 Nd5 4. Nf3 e6 5. d4 cxd4 6. cxd4 Nc6 7. Nc3 Nxc3 8. bxc3 Be7 9. Bd3 d5 10. exd6 Bxd6
11. O-O O-O 12. Re1 h6 13. Qe2 a6 14. Ne5 Qc7 15. Qe4 g6 16. Bxh6 Re8 17. g3 Bf8 18. Bxf8 Rxf8 19. Nxc6 Qxc6 20. Qxc6 bxc6
21. Rab1 Ra7 22. Rb6 Bd7 23. Rxa6 Rfa8 24. Rxa7 Be8 25. Rxa8
1-0

[Event "No you can`t have an open game."]
[Site "SchemingMind.com"]
[Date "2014.02.26"]
[Round "-"]
[White "cnile"]
[Black "Olli Ylönen"]
[Result "0-1"]
[WhiteCountry "SCO"]
[BlackCountry "FIN"]
[WhiteElo "1542"]
[WhiteRD "66"]
[BlackElo "1852"]
[BlackRD "69"]
[GameID "348371"]

1. e4 c5 2. c3 Nf6 3. d3 Nc6 4. g3 d5 5. Bg2 dxe4 6. dxe4 Qxd1+ 7. Kxd1 Ng4 8. Ke2 b6 9. Nd2 g6 10. Ngf3 Bg7
11. Nc4 Ba6 12. Nd2 Nce5 13. Ke1 Nxc4 14. Nxc4 Bxc4 15. Bf4 Be5 16. Bxe5 Nxe5 17. Kd2 O-O
0-1

[Event "No you can`t have an open game."]
[Site "SchemingMind.com"]
[Date "2014.04.02"]
[Round "-"]
[White "kenneth m day"]
[Black "lrogue"]
[Result "0-1"]
[WhiteCountry "USA"]
[BlackCountry "ENG"]
[WhiteElo "1757"]
[WhiteRD "49"]
[BlackElo "1760"]
[BlackRD "113"]
[GameID "354231"]

1. e4 c5 2. c3 Nf6 3. e5 Nd5 4. Nf3 Nc6 5. d4 cxd4 6. cxd4 d6 7. Bc4 Nb6 8. Bb3 d5 9. Nc3 Bg4 10. O-O e6
11. Be3 Be7 12. h3 Bh5 13. g4 Bg6 14. Nh4 Bxh4 15. Rc1 O-O 16. Ne2 f6 17. Nf4 Bf7 18. a3 fxe5 19. dxe5 Nxe5 20. Bd4 Qf6
21. Rc2 Qxf4 22. Bxe5 Qxe5 23. Re1 Qf6 24. Re3 Bg6 25. Rce2 Bxf2+
0-1

[Event "No you can`t have an open game."]
[Site "SchemingMind.com"]
[Date "2014.04.02"]
[Round "-"]
[White "lrogue"]
[Black "kenneth m day"]
[Result "1-0"]
[WhiteCountry "ENG"]
[BlackCountry "USA"]
[WhiteElo "1793"]
[WhiteRD "112"]
[BlackElo "1753"]
[BlackRD "49"]
[GameID "354232"]

1. e4 c5 2. c3 Nc6 3. d4 d5 4. exd5 Qxd5 5. Nf3 Bg4 6. Be2 Nf6 7. h3 Bd7 8. c4 Qh5 9. d5 Nd8 10. Nc3 e6
11. Ng5 Qh4 12. Be3 exd5 13. g3 Qh6 14. Nxf7 Nxf7 15. Bxh6 Nxh6 16. cxd5 Bd6 17. Qc2 O-O 18. O-O-O Nf5 19. Bg4 Nd4 20. Qd3 Be8
21. f4 Bf7 22. Be6 Bxe6 23. dxe6 Rae8 24. f5 a6 25. g4 Rd8 26. Kb1 Rc8 27. Rdf1 Rfd8 28. Ne4 Be5 29. Nxf6+ Bxf6 30. Qg3 h6
31. h4 Ne2 32. Qe3 Nd4 33. g5 hxg5 34. hxg5 Be7 35. Qh3 Bxg5 36. Qh8#
1-0

[Event "No you can`t have an open game."]
[Site "SchemingMind.com"]
[Date "2014.05.19"]
[Round "-"]
[White "szn1"]
[Black "Olli Ylönen"]
[Result "1-0"]
[WhiteCountry "NED"]
[BlackCountry "FIN"]
[WhiteElo "1887"]
[WhiteRD "100"]
[BlackElo "1790"]
[BlackRD "79"]
[GameID "358312"]

1. e4 c5 2. c3 Nf6 3. e5 Nd5 4. Nf3 Nc6 5. Bc4 Nb6 6. Bb3 c4 7. Bc2 Qc7 8. Qe2 g5 9. h3 Bg7 10. O-O Nxe5
11. Nxg5 h6 12. Nf3 d6 13. Na3 Nxf3+ 14. Qxf3 Qc6 15. Qxc6+ bxc6 16. d4 cxd3 17. Bxd3 c5 18. Be3 Na4 19. Bb5+ Bd7 20. Bxa4 Bxa4
21. Rab1 O-O 22. b3 Bc6 23. c4 Be4 24. Rbd1 a6 25. f3 Bb2 26. fxe4 Bxa3 27. Bxh6 Rfd8 28. Rd5 f6 29. Rh5 Kf7 30. Bd2 Rh8
31. Rxh8 Rxh8 32. Rf3 Bb4 33. Bxb4 cxb4 34. g4 Ke6 35. Kf2 Ke5 36. Kg3 a5 37. Rf5+ Kxe4 38. Rxa5
1-0

[Event "No you can`t have an open game."]
[Site "SchemingMind.com"]
[Date "2014.05.19"]
[Round "-"]
[White "Olli Ylönen"]
[Black "szn1"]
[Result "1/2-1/2"]
[WhiteCountry "FIN"]
[BlackCountry "NED"]
[WhiteElo "1790"]
[WhiteRD "79"]
[BlackElo "1887"]
[BlackRD "100"]
[GameID "358313"]

1. e4 c5 2. c3 d5 3. exd5 Qxd5 4. Nf3 e6 5. d4 Nf6 6. Be2 Nc6 7. O-O cxd4 8. cxd4 Be7 9. Nc3 Qd6 10. Be3 O-O
11. Rc1 b6 12. Nb5 Qd7 13. Qb3 Nd5 14. Rfd1 a6 15. Nc3 Na5 16. Qc2 Nxe3 17. fxe3 Bb7 18. a3 Rfd8 19. e4 Rac8 20. b4 Nc6
21. d5 exd5 22. Nxd5 Nxb4 23. Nxe7+ Qxe7 24. Rxd8+ Qxd8 25. Qb2 Nc6 26. Rd1 Qc7 27. e5 b5 28. h3 Rd8 29. Rxd8+ Qxd8 30. a4 Qb6+
31. Kf1 b4 32. Qb3 Nd4 33. Nxd4 Qxd4 34. e6 Qa1+ 35. Kf2 Qf6+ 36. Bf3 Bxf3 37. gxf3 a5 38. Qd5 fxe6 39. Qxa5 Qb2+ 40. Kg3 Qa3
41. Qd8+ Kf7 42. Qd7+ Kf6 43. Qd4+=
1/2-1/2